| 000 | 00721nam a2200205 i 4500 | ||
|---|---|---|---|
| 001 | 99104 | ||
| 003 | ES-MaACL | ||
| 005 | 20240424123302.0 | ||
| 007 | t| | ||
| 008 | 051121s1966 pr ||||1| spa d | ||
| 080 | _a821.134.2(729.5)-14"19" | ||
| 100 | 1 |
_aRibera Chevremont, Evaristo. _996787 |
|
| 245 | 1 | 0 |
_aNueva antología / _cEvaristo Ribera Chevremont ; selección Concha Meléndez ; ordenación Evaristo Ribera Chevremont ; prólogo Luis Antonio Miranda. |
| 260 |
_aSan Juan de Puerto Rico : _bCordillera, _c1966. |
||
| 300 |
_a152 p. ; _c22 cm. |
||
| 700 | 1 |
_aMeléndez, Concha. _979908 |
|
| 700 | 0 |
_aMiranda, Luis Antonio, _d1955- _981531 |
|
| 852 |
_aES-MaACL _jE-11071 _bR.136757 |
||
| 999 |
_c99104 _d99104 |
||